000 00575nam a2200217Ia 4500
003 OSt
005 20220926042936.0
006 a|||||r|||| 00| 0
007 ta
008 220923b |||||||| |||| 00| 0 eng d
037 _cGeneral Book
040 _aRTL
_cRTL
_beng
041 _2eng
_aeng
082 _aX9J::73:N3, G6
100 _aSchafer Joseph
_9346981
245 0 _aSocial history of American agriculture
260 _c1936
650 _aAgriculture Insdustry
942 _hX9J::73:N3, G6
_cGB
_2CC
999 _c670984
_d670984